000 00306 a2200097 4500
082 _a624.1834 VAR
100 _aVaryani,U.H.
245 _aDesign Aids for Limit State Design of Reinforced Concrete Members /
_cU.H.Varyani
260 _aDelhi :
_cKhanna Publishers,
_b2005
300 _a419p. :
_bill . ;
_c25cm
650 _areinfroced concrete
999 _c1352
_d1352